| 000 | 00637 a2200169 4500 | ||
|---|---|---|---|
| 003 | Nust | ||
| 005 | 20221017120024.0 | ||
| 040 | _cNust | ||
| 082 | _a600,EDD | ||
| 100 |
_aEddington, Arthur Stanley, Sir, _9100417 |
||
| 245 |
_aStars and atoms, _c by A.S. Eddington ... |
||
| 260 |
_aNew Haven, . _b Yale university press; London, H. Milford, Oxford university press, _c1927 |
||
| 300 |
_a127p. front., _bplates, diagr. 23 cm. |
||
| 505 | _aLecture 1: The Interior Of A Star (Page-9), Lecture 2: Some Recent Investigations (Page-42), Lecture 3: The Age Of The Stars (Page-85). | ||
| 650 |
_aStars and atoms, _9100418 |
||
| 942 |
_2ddc _cBK |
||
| 999 |
_c183089 _d183089 |
||